00807nam a22002297a 4500003000900000005001700009008003800026020001800064040002600082082002700108100003200135240004200167245008900209260004000298300003000338490002400368650004100392650003800433650003500471700004100506700003000547DO-SdBPM20250310070055.0170117b2007 ag| | 00| 0 spa d a9789870407522 a DO-SdBPMbspacBPMSU 4a813.5b S474d 20072221 aSendak , Mauriced1928-201210aWhere the wild things are.lEspañol10aDonde viven los monstruos /ctexto e ilustraciones de Maurice Sendak ; traducción  aBuenos Aires : bAfaguara , c2007. a [40] p. :bil. ;c24 cm.0 aAlfaguara Infantil  4aCuentos infantiles estadounidenses | 4a Monstruos vCuentos infantiles  4aLibros infantiles para niños1 a Gervás, Agustíneilustración 12aGervás, Agustín,etr.